Computational fluid dynamics : (Record no. 17962)
[ view plain ]
| 000 -LEADER | |
|---|---|
| fixed length control field | 01002cam a22002895a 4500 |
| 001 - CONTROL NUMBER | |
| control field | 016206274 |
| 003 - CONTROL NUMBER IDENTIFIER | |
| control field | OSt |
| 005 - DATE AND TIME OF LATEST TRANSACTION | |
| control field | 20160228153656.0 |
| 008 - FIXED-LENGTH DATA ELEMENTS--GENERAL INFORMATION | |
| fixed length control field | 121030t2013 ne a frb 001 0 eng d |
| 020 ## - INTERNATIONAL STANDARD BOOK NUMBER | |
| International Standard Book Number | 9780080982434 (pbk.) |
| 040 ## - CATALOGING SOURCE | |
| Original cataloging agency | StDuBDS |
| Language of cataloging | eng |
| Transcribing agency | StDuBDS |
| Modifying agency | Uk |
| -- | EG-ScBUE |
| -- | EG-ScBUE |
| 082 04 - DEWEY DECIMAL CLASSIFICATION NUMBER | |
| Classification number | 620.10640285 |
| Item number | TUU |
| Edition number | 22 |
| 100 1# - MAIN ENTRY--PERSONAL NAME | |
| Personal name | Tu, Jiyuan. |
| 9 (RLIN) | 5583 |
| 245 10 - TITLE STATEMENT | |
| Title | Computational fluid dynamics : |
| Remainder of title | a practical approach / |
| Statement of responsibility, etc | Jiyuan Tu, Guan-Heng Yeoh, Chaoqun Liu. |
| 250 ## - EDITION STATEMENT | |
| Edition statement | 2nd ed. |
| 260 ## - PUBLICATION, DISTRIBUTION, ETC. (IMPRINT) | |
| Place of publication, distribution, etc | Amsterdam : |
| Name of publisher, distributor, etc | Butterworth-Heinemann, |
| Date of publication, distribution, etc | c.2013 |
| Place of manufacture | (Croydon, United Kingdom : |
| Manufacturer | CPI Group (UK) Ltd.) |
| 300 ## - PHYSICAL DESCRIPTION | |
| Extent | xiii, 440 p. : |
| Other physical details | ill. ; |
| Dimensions | 23 cm. |
| 500 ## - GENERAL NOTE | |
| General note | Index : p. 435-440. |
| 500 ## - GENERAL NOTE | |
| General note | Appendix : p. 395-420. |
| 504 ## - BIBLIOGRAPHY, ETC. NOTE | |
| Bibliography, etc | Bibliography : p. 421-434. |
| 650 #7 - SUBJECT ADDED ENTRY--TOPICAL TERM | |
| Topical term or geographic name as entry element | Computational fluid dynamics. |
| 9 (RLIN) | 34924 |
| Source of heading or term | BUEsh |
| 651 ## - SUBJECT ADDED ENTRY--GEOGRAPHIC NAME | |
| Source of heading or term | BUEsh |
| 653 ## - INDEX TERM--UNCONTROLLED | |
| Resource For college | Engineering, General |
| Arrived date list | January2014 |
| -- | February2016 |
| 700 1# - ADDED ENTRY--PERSONAL NAME | |
| Personal name | Yeoh, Guan Heng. |
| 9 (RLIN) | 5587 |
| 700 1# - ADDED ENTRY--PERSONAL NAME | |
| Personal name | Liu, Chaoqun. |
| 9 (RLIN) | 5588 |
| 942 ## - ADDED ENTRY ELEMENTS (KOHA) | |
| Source of classification or shelving scheme | Dewey Decimal Classification |
| Call number prefix | 620.10640285 TUU |
| Withdrawn status | Item status | Source of classification or shelving scheme | Damaged status | Not for loan | Vendor | Home library | Current library | Shelving location | Date acquired | Source of acquisition | Total Checkouts | Full call number | Barcode | Date last seen | Koha item type | Total Renewals | Checked out | Date last borrowed | Cost, normal purchase price | Serial Enumeration / chronology | Cost, replacement price |
|---|---|---|---|---|---|---|---|---|---|---|---|---|---|---|---|---|---|---|---|---|---|
| Dewey Decimal Classification | Baccah | Central Library | Central Library | First floor | 26/01/2014 | Purchase | 620.10640285 TUU | 000035469 | 15/07/2025 | NB - Book (Non borrowing) | |||||||||||
| Dewey Decimal Classification | Baccah | Central Library | Central Library | First floor | 26/01/2014 | Purchase | 3 | 620.10640285 TUU | 000035470 | 26/10/2014 | Book - Borrowing | 33 | 16/04/2017 | 26/10/2014 | |||||||
| Dewey Decimal Classification | Baccah | Central Library | Central Library | First floor | 26/01/2014 | Purchase | 1 | 620.10640285 TUU | 000035471 | 15/07/2025 | Book - Borrowing | 14 | 13/10/2015 | ||||||||
| Dewey Decimal Classification | Baccah | Central Library | Central Library | First floor | 26/01/2014 | Purchase | 3 | 620.10640285 TUU | 000035472 | 12/04/2016 | Book - Borrowing | 36 | 17/09/2023 | 12/04/2016 | |||||||
| Dewey Decimal Classification | Iqraa | Central Library | Central Library | First floor | 28/02/2016 | Purchase | 1 | 620.10640285 TUU | 000031741 | 15/07/2025 | Book - Borrowing | 8 | 18/10/2018 | 975.00 | 3740 | 1218.00 |